90 secs World Capitals: by Capital City directly South - Statistics

General Stats
  • This quiz has been taken 430 times
  • The average score is 144 of 196
Answer Stats
Capital City % Correct
Berlin
100%
Copenhagen
100%
Helsinki
100%
Oslo
100%
Reykjavik
100%
Stockholm
100%
Amsterdam
99%
Brussels
99%
Budapest
99%
Dublin
99%
London
99%
Minsk
99%
Moscow
99%
Prague
99%
Riga
99%
Tallinn
99%
Vilnius
99%
Warsaw
99%
Luxembourg
98%
Paris
98%
Ankara
97%
Bern
97%
Bratislava
97%
Bucharest
97%
Chisinau
97%
Kiev
97%
Monaco
97%
Ottawa
97%
San Marino
97%
Seoul
97%
Sofia
97%
Vaduz
97%
Vienna
97%
Washington
97%
Astana
96%
Beijing
96%
Belgrade
96%
Lisbon
96%
Madrid
96%
Nicosia
96%
Zagreb
96%
Algiers
95%
Andorra la Vella
95%
Baku
95%
Cairo
95%
Ljubljana
95%
Podgorica
95%
Pyongyang
95%
Rome
95%
Sarajevo
95%
Tehran
95%
Tirana
95%
Tokyo
95%
Beirut
94%
Pristina
94%
Skopje
94%
Tbilisi
94%
Tunis
94%
Ulaanbaatar
94%
Vatican City
94%
Amman
93%
Damascus
93%
Jerusalem
93%
Rabat
93%
Tashkent
93%
Tripoli
93%
Valletta
93%
Yerevan
93%
Ashgabat
92%
Athens
92%
Baghdad
91%
Kuwait City
91%
Riyadh
91%
Saint John's
91%
Taipei
91%
Bangui
90%
Basseterre
90%
Manama
90%
N'Djamena
90%
Roseau
90%
Asmara
89%
Djibouti
89%
Doha
89%
Havana
89%
Nassau
89%
Sana'a
89%
Khartoum
88%
Kingston
88%
Majuro
88%
Abu Dhabi
87%
Addis Ababa
87%
Santo Domingo
87%
Juba
86%
Bridgetown
85%
Castries
85%
Kampala
85%
Kigali
85%
Kingstown
85%
Manila
85%
Port-au-Prince
85%
Bujumbura
84%
Georgetown
84%
Nairobi
84%
Paramaribo
84%
Yaren
84%
Bogota
83%
Brazzaville
83%
Caracas
83%
Palikir
83%
Panama
83%
Port-of-Spain
83%
Saint George's
83%
Yaounde
83%
Dodoma
82%
Lusaka
82%
Honiara
81%
Kinshasa
81%
Belmopan
79%
Bishkek
79%
Harare
79%
Port Moresby
79%
Brasilia
78%
Melekeok
78%
Lilongwe
77%
San Jose
77%
Tegucigalpa
77%
Quito
76%
Canberra
75%
Managua
75%
Funafuti
72%
Tarawa
72%
Suva
70%
Sucre
69%
Apia
68%
Pretoria
68%
Niamey
65%
Asuncion
64%
Port-Vila
64%
Guatemala City
63%
Nuku'alofa
63%
Dushanbe
62%
San Salvador
61%
Wellington
61%
Lima
60%
Mexico City
60%
Vientiane
60%
Abuja
58%
Bangkok
58%
Kabul
58%
New Delhi
57%
Thimphu
56%
Buenos Aires
54%
Hanoi
53%
Ouagadougou
53%
Muscat
52%
Islamabad
51%
Mogadishu
50%
Nay Pyi Taw
47%
Phnom Penh
46%
Dhaka
44%
Singapore
44%
Santiago
39%
Kuala Lumpur
38%
Accra
36%
Jakarta
36%
Malabo
36%
Kathmandu
35%
Nouakchott
33%
Victoria
33%
Libreville
32%
Lome
30%
Luanda
30%
Moroni
25%
Montevideo
24%
Sao Tome
24%
Porto-Novo
23%
Antananarivo
22%
Dili
22%
Male
21%
Maputo
21%
Bamako
19%
Dakar
19%
Windhoek
19%
Port Louis
17%
Gaborone
14%
Banjul
13%
Conakry
13%
Freetown
11%
Praia
11%
Colombo
10%
Mbabane
9%
Maseru
7%
Monrovia
7%
Bissau
6%
Bandar Seri Begawan
5%
Yamoussoukro
5%
No matching quizzes found
Score Distribution
Percent of People with Each Score
Percentile by Number Answered
Your Score History
You have not taken this quiz